[Event "GER-ch U18 sf Berlin Online"]
[Site "Playchess.com INT"]
[Date "2020.05.01"]
[Round "1"]
[White "Ermitsch, Magnus"]
[Black "Volan, Arved"]
[Result "1-0"]
[WhiteElo "1819"]
[BlackElo "1620"]
[PlyCount "37"]
[EventDate "2020.05.01"]
[EventType "swiss (blitz)"]
[EventRounds "13"]
[EventCountry "GER"]
[SourceTitle "CBM 195 Extra"]
[Source "ChessBase"]
[SourceDate "2020.05.31"]
[SourceVersion "1"]
[SourceVersionDate "2020.05.31"]
[SourceQuality "1"]

1. e4 e5 2. Nf3 Nc6 3. Bc4 Bc5 4. c3 Nf6 5. d4 exd4 6. 0-0 Ng4 7. Bxf7+ Kxf7 8. Ng5+ Kf8 9. Qxg4 d3 10. Bf4 Qf6 11. Nd2 d6 12. Qg3 Na5 13. b4 Bxf2+ 14. Rxf2 Nc4 15. Nxc4 Qxc3 16. Be5+ Kg8 17. Bxc3 Be6 18. Nxe6 Re8 19. Qxg7# 1-0

[Event "GER-ch U18 sf Berlin Online"]
[Site "Playchess.com INT"]
[Date "2020.05.01"]
[Round "10"]
[White "Volan, Arved"]
[Black "Schaefer, Benjamin"]
[Result "0-1"]
[WhiteElo "1620"]
[BlackElo "1620"]
[PlyCount "132"]
[EventDate "2020.05.01"]
[EventType "swiss (blitz)"]
[EventRounds "13"]
[EventCountry "GER"]
[SourceTitle "CBM 195 Extra"]
[Source "ChessBase"]
[SourceDate "2020.05.31"]
[SourceVersion "1"]
[SourceVersionDate "2020.05.31"]
[SourceQuality "1"]

1. e4 d5 2. exd5 Qxd5 3. d4 Nc6 4. Nf3 Bg4 5. Nc3 Qd8 6. Bf4 e6 7. Bc4 Bd6 8. Bxd6 Qxd6 9. Bb5 a6 10. Bxc6+ Qxc6 11. Ne5 Qxg2 12. Nxg4 Qxh1+ 13. Ke2 Qxd1+ 14. Rxd1 0-0-0 15. Ne5 f6 16. Nf7 Rf8 17. Nxh8 Ne7 18. Rg1 Rxh8 19. Rxg7 Nf5 20. Rf7 Nxd4+ 21. Kd3 Rd8 22. Rxf6 Nf3+ 23. Ke3 Nxh2 24. Rxe6 Rf8 25. Nd5 Ng4+ 26. Kd3 Nxf2+ 27. Kc3 Rd8 28. Ne7+ Kd7 29. Re2 Re8 30. Rd2+ Kxe7 31. Re2+ Kd6 32. Rxe8 Ng4 33. Rg8 Nf6 34. Rg7 Ke6 35. Rg5 Ne4+ 36. Kb4 Nxg5 37. c4 h5 38. c5 h4 39. c6 h3 40. cxb7 h2 41. b8Q h1Q 42. Qe8+ Kd6 43. Qd8+ Ke6 44. Qe8+ Kf6 45. Qf8+ Kg6 46. Qg8+ Kf5 47. Qf8+ Kg4 48. Qc5 Qe4+ 49. Qc4 Qxc4+ 50. Kxc4 Ne6 51. b4 Kf4 52. b5 axb5+ 53. Kxb5 Ke5 54. a4 c5 55. a5 Kd4 56. a6 Nc7+ 57. Kc6 Nxa6 58. Kb6 c4 59. Kxa6 c3 60. Kb5 c2 61. Ka5 c1Q 62. Ka6 Qb2 63. Ka7 Qb3 64. Ka8 Kc5 65. Ka7 Kc6 66. Ka8 Qb7# 0-1